Dislocating Cultures (Record no. 9545)

MARC details
000 -LEADER
fixed length control field 00685nam a2200253 a 4500
020 ## - INTERNATIONAL STANDARD BOOK NUMBER
ISBN 0415191
082 00 - DEWEY DECIMAL CLASSIFICATION NUMBER
Classification number 305.42091724
Author Cutter NAR
100 ## - MAIN ENTRY--AUTHOR NAME
Author name Narayan, Uma
245 ## - TITLE STATEMENT
Title Dislocating Cultures
Sub title Identities, Traditions and World Feminism
260 ## - PUBLICATION, DISTRIBUTION, ETC. (IMPRINT)
Place of publication London
Name of publisher Routledge Chapman Hall
Year of publication 1997
300 ## - PHYSICAL DESCRIPTION
Number of Pages 226
500 ## - GENERAL NOTE
General note includes index and biblioraphy
505 2# - FORMATTED CONTENTS NOTE
Formatted contents note Index
650 ## - SUBJECT ADDED ENTRY--TOPICAL TERM
Topical Term Feminism-Developing Countries
650 ## - SUBJECT ADDED ENTRY--TOPICAL TERM
Topical Term Women-Developing Countrie
942 ## - ADDED ENTRY ELEMENTS (KOHA)
Koha item type Books
700 1# -
-- Narayan, Uma
Holdings
Collection code Home library Current library Date acquired Cost, normal purchase price Full call number Accession Number Koha item type
  Henry Martyn Institute Library Henry Martyn Institute Library 07/23/2010 475.00 305.42091724 NAR 017562 Books
                   Copyright © 2026 | Henry Martyn Institute | Hyderabad | TS-500052 | INDIA | Implemented by hmi.edu.in
Hit-Count:

Powered by Koha